Kickstart My Heart-Motley Crue Lyric Quiz - Statistics

General Stats
  • This quiz has been taken 153 times
    146 since last reset
  • The average score is 186 of 272
Answer Stats
Hint Answer % Correct
Chorus Whoa
100%
heart
95%
my
95%
I
93%
kickstart
93%
Bridge | Outro Kickstart
93%
a
91%
yeah
90%
Pre-Chorus Yeah
90%
b-
88%
Verse 1 When
80%
when
80%
me
79%
high
78%
get
77%
speed
77%
on
75%
whoa
73%
Chorus Whoa
73%
to
72%
start
69%
it
68%
you
68%
an
67%
for
67%
by
62%
aeroplane
60%
we
60%
are
59%
baby
59%
ready
59%
say
59%
drug
58%
after
57%
coming
57%
cops
57%
funny
57%
the
57%
from
56%
got
56%
now?
56%
top
56%
ass
54%
give
54%
naked
54%
Pre-Chorus Ooh
54%
ooh
54%
car's
53%
fuel
53%
girls?
53%
never
53%
years
53%
103
51%
gone
51%
kicked
51%
some
51%
stops
51%
this
51%
all
49%
laugh
49%
band
48%
needed
48%
hope
47%
I'd
47%
started
47%
was
47%
Verse 2 Skydive
44%
we've
44%
bike
43%
doing
43%
and
41%
space
41%
in
38%
body
37%
good
37%
kicking
37%
with
37%
eyes
36%
time
36%
another
35%
I'm
35%
lady
35%
or
35%
outer
35%
trouble
35%
always
33%
custom
33%
looking
33%
still
33%
through
33%
built
31%
did
31%
just
31%
of
31%
veins
31%
we're
31%
adrenaline
30%
rock
30%
stage
30%
think
23%
enraged
20%
rushing
19%
hitting
15%
ah
12%
No matching quizzes found
Score Distribution
Percent of People with Each Score
Percentile by Number Answered
Your Score History
You have not taken this quiz since the last reset